[Event "EU-ch U18 Girls 27th"]
[Site "Mamaia"]
[Date "2017.09.05"]
[Round "1"]
[White "Olde, Margareth"]
[Black "Temmerman, Sara"]
[Result "1-0"]
[WhiteElo "2161"]
[BlackElo "1764"]
[PlyCount "85"]
[EventDate "2017.09.05"]
[EventType "swiss"]
[EventRounds "9"]
[EventCountry "ROU"]
[SourceTitle "CBM 180 Extra"]
[Source "ChessBase"]
[SourceDate "2017.10.06"]
[SourceVersion "1"]
[SourceVersionDate "2017.10.06"]
[SourceQuality "1"]

1. d4 Nf6 2. c4 c5 3. d5 e6 4. Nc3 exd5 5. cxd5 d6 6. Nf3 Bf5 7. Bf4 Nbd7 8. h3 a6 9. a4 Rb8 10. e3 Qa5 11. Nd2 Ne4 12. Ndxe4 Bxe4 13. f3 Bg6 14. e4 Be7 15. Bd3 0-0 16. 0-0 c4 17. Be2 Qc5+ 18. Kh1 b5 19. axb5 axb5 20. Ra5 Rb7 21. Qc1 Rfb8 22. Ra6 Rc8 23. Be3 Qc7 24. Rc6 Qb8 25. Bd4 Bf6 26. Bxf6 Nxf6 27. Rxc8+ Qxc8 28. Na2 Qc5 29. Qc3 Nh5 30. Kh2 Nf4 31. Nc1 Nh5 32. f4 Nf6 33. f5 Nxe4 34. Qa5 Rb8 35. fxg6 hxg6 36. Bf3 Qxd5 37. Bxe4 Qxe4 38. Qa7 Rf8 39. Kh1 Qe5 40. Qf2 b4 41. Qd2 Rb8 42. Rd1 Rb7 43. Qe2 1-0

[Event "BEL-ch U18"]
[Site "Blankenberge"]
[Date "2017.04.12"]
[Round "6"]
[White "Temmerman, Sara"]
[Black "Beukema, Christiaan"]
[Result "1-0"]
[WhiteElo "1701"]
[BlackElo "1832"]
[PlyCount "87"]
[EventDate "2017.04.09"]
[EventType "swiss"]
[EventRounds "9"]
[EventCountry "BEL"]
[SourceTitle "CBM 178 Extra"]
[Source "ChessBase"]
[SourceDate "2017.06.22"]
[SourceVersion "1"]
[SourceVersionDate "2017.06.22"]
[SourceQuality "1"]

1. e4 c5 2. Nf3 d6 3. d4 cxd4 4. Nxd4 Nf6 5. Nc3 g6 6. Be2 Bg7 7. Be3 0-0 8. f3 Bd7 9. Qd2 Nc6 10. 0-0-0 Rc8 11. g4 Ne5 12. Bh6 Nc4 13. Bxc4 Rxc4 14. Bxg7 Kxg7 15. h4 h5 16. gxh5 Nxh5 17. Rdg1 a6 18. Qg5 Rh8 19. Nf5+ Kf8 20. Nxd6 Rxc3 21. bxc3 Be6 22. Qe5 Nf6 23. Nxb7 Qb6 24. Nc5 Kg7 25. Nxe6+ fxe6 26. h5 Rxh5 27. Qd4 Qa5 28. Rxh5 Qxh5 29. f4 Qf3 30. Kb1 Qxf4 31. e5 Nd5 32. Qxf4 Nxf4 33. c4 Ne2 34. c5 Nc3+ 35. Ka1 Kh6 36. c6 Nd5 37. Rd1 Nc7 38. Rd7 Na8 39. c7 Nxc7 40. Rxc7 g5 41. Rc3 g4 42. Rg3 Kg5 43. c4 Kf4 44. Rxg4+ 1-0

[Event "BEL-ch U18"]
[Site "Blankenberge"]
[Date "2017.04.09"]
[Round "1"]
[White "Temmerman, Sara"]
[Black "Sterck, Arno"]
[Result "0-1"]
[WhiteElo "1701"]
[BlackElo "2221"]
[PlyCount "78"]
[EventDate "2017.04.09"]
[EventType "swiss"]
[EventRounds "9"]
[EventCountry "BEL"]
[SourceTitle "CBM 178 Extra"]
[Source "ChessBase"]
[SourceDate "2017.06.22"]
[SourceVersion "1"]
[SourceVersionDate "2017.06.22"]
[SourceQuality "1"]

1. e4 c5 2. Nf3 d6 3. d4 Nf6 4. Nc3 cxd4 5. Nxd4 a6 6. Be2 e5 7. Nb3 Be7 8. Be3 Be6 9. f4 exf4 10. Bxf4 Nc6 11. Nd4 Nxd4 12. Qxd4 Qa5 13. Bf3 0-0 14. Bxd6 Bxd6 15. Qxd6 Rfd8 16. Qf4 Qb6 17. Rb1 Rac8 18. Qc1 Qc5 19. h3 b5 20. a3 a5 21. Nd1 Re8 22. Nf2 Qxc2 23. 0-0 Nd7 24. b4 a4 25. Qg5 Qc7 26. Rbc1 Qe5 27. Qxe5 Nxe5 28. Be2 Bc4 29. Bxc4 Rxc4 30. Rxc4 Nxc4 31. Ra1 Rd8 32. Ra2 f6 33. Kh2 Rd2 34. Rxd2 Nxd2 35. Nd1 Nc4 36. Nc3 Nxa3 37. Kg1 Nc2 38. Nxb5 a3 39. Nd4 Nxd4 0-1

[Event "EU-ch U18 Girls 26th"]
[Site "Prague"]
[Date "2016.08.27"]
[Round "9"]
[White "Kyrkjebo, Marte Bakken"]
[Black "Temmerman, Sara"]
[Result "1/2-1/2"]
[WhiteElo "1866"]
[BlackElo "1631"]
[PlyCount "81"]
[EventDate "2016.08.18"]
[EventType "swiss"]
[EventRounds "9"]
[EventCountry "CZE"]
[SourceTitle "CBM 174 Extra"]
[Source "ChessBase"]
[SourceDate "2016.10.10"]
[SourceVersion "1"]
[SourceVersionDate "2016.10.10"]
[SourceQuality "1"]

1. e4 d5 2. exd5 Qxd5 3. Nc3 Qd6 4. d4 Nf6 5. Nf3 g6 6. Nb5 Qd8 7. c4 c6 8. Nc3 Bg4 9. Be3 Bg7 10. Be2 Nbd7 11. 0-0 Nb6 12. Qb3 Bxf3 13. Bxf3 Qd7 14. Rad1 0-0 15. d5 Qc7 16. g3 cxd5 17. c5 Nc4 18. Nxd5 Nxd5 19. Bxd5 Nxe3 20. fxe3 e6 21. Bxb7 Rab8 22. c6 Rfd8 23. Qa4 a5 24. Qf4 Be5 25. Qf2 Rxd1 26. Rxd1 Rd8 27. Rxd8+ Qxd8 28. Qc2 Qb6 29. Kf2 Bc7 30. Bc8 Qb5 31. e4 Bb6+ 32. Kg2 Bc7 33. Bd7 Qb4 34. a3 Qd4 35. Qf2 Qxe4+ 36. Kg1 Qb1+ 37. Kg2 Qe4+ 38. Kf1 Qd3+ 39. Kg2 Qe4+ 40. Kf1 Qd3+ 41. Kg2 1/2-1/2

[Event "EU-ch U18 Girls 26th"]
[Site "Prague"]
[Date "2016.08.24"]
[Round "6"]
[White "Pilsan, Martha"]
[Black "Temmerman, Sara"]
[Result "0-1"]
[WhiteElo "1640"]
[BlackElo "1631"]
[PlyCount "116"]
[EventDate "2016.08.18"]
[EventType "swiss"]
[EventRounds "9"]
[EventCountry "CZE"]
[SourceTitle "CBM 174 Extra"]
[Source "ChessBase"]
[SourceDate "2016.10.10"]
[SourceVersion "1"]
[SourceVersionDate "2016.10.10"]
[SourceQuality "1"]

1. e4 d5 2. exd5 Qxd5 3. Nc3 Qd6 4. d4 Nf6 5. Nf3 Bg4 6. h3 Bh5 7. Bc4 a6 8. g4 Bg6 9. Qe2 Nc6 10. Be3 b5 11. Bxb5 axb5 12. Nxb5 Qd7 13. c4 Ne4 14. Bf4 Nd6 15. d5 Nxb5 16. dxc6 Qxc6 17. cxb5 Qb7 18. 0-0 Be4 19. Ng5 Bg2 20. Qc4 e6 21. Rfe1 Bh1 22. Ne4 Bf3 23. Re3 Bxe4 24. Qxe4 Rb8 25. a4 Qb6 26. Rc3 Bd6 27. Rc6 Qb7 28. Rac1 0-0 29. R6c4 Qa7 30. Qd4 Qxd4 31. Rxd4 e5 32. Rxd6 cxd6 33. Be3 d5 34. f4 d4 35. Bf2 f6 36. fxe5 fxe5 37. Re1 Rfe8 38. Bg3 Rbc8 39. Rxe5 d3 40. Rxe8+ Rxe8 41. Bf4 Re4 42. Bg5 Rxa4 43. Bd2 Ra2 44. Kf2 Rxb2 45. Ke3 Rxb5 46. h4 Rd5 47. Ke4 Rd7 48. Ke3 Kf7 49. Ke4 Ke6 50. Ke3 g6 51. h5 gxh5 52. gxh5 Kf5 53. h6 Rd6 54. Kf3 Re6 55. Be3 Ke5 56. Kf2 Kd5 57. Kf3 Kc4 58. Bd2 Kb3 0-1

[Event "EU-ch U18 Girls 26th"]
[Site "Prague"]
[Date "2016.08.21"]
[Round "4"]
[White "Temmerman, Sara"]
[Black "Jerabkova, Julia"]
[Result "0-1"]
[WhiteElo "1631"]
[BlackElo "1571"]
[PlyCount "126"]
[EventDate "2016.08.18"]
[EventType "swiss"]
[EventRounds "9"]
[EventCountry "CZE"]
[SourceTitle "CBM 174 Extra"]
[Source "ChessBase"]
[SourceDate "2016.10.10"]
[SourceVersion "1"]
[SourceVersionDate "2016.10.10"]
[SourceQuality "1"]

1. e4 e6 2. d4 d5 3. Nc3 Bb4 4. exd5 exd5 5. Bd3 Ne7 6. Nge2 0-0 7. Bf4 Be6 8. 0-0 Nd7 9. a3 Bxc3 10. Nxc3 Ng6 11. Bg3 Nf6 12. Re1 Bd7 13. h3 c6 14. Re3 Qb6 15. Bxg6 fxg6 16. Na4 Qd8 17. Bh4 Qc8 18. Bxf6 Rxf6 19. Re7 Kf8 20. Qe2 Be6 21. Rxe6 Qxe6 22. Qd2 b6 23. Re1 Qf7 24. Qb4+ Kg8 25. Re2 Re8 26. Qd2 Rxe2 27. Qxe2 Qe6 28. Qd2 Rf7 29. Kf1 Qf6 30. g3 g5 31. Nc3 h5 32. Qe3 h4 33. Ne2 Qf3 34. Qxf3 Rxf3 35. Kg2 Rf7 36. Ng1 Re7 37. Kf1 c5 38. dxc5 bxc5 39. Nf3 hxg3 40. fxg3 Rf7 41. Ke2 Rb7 42. b3 Kf7 43. Nxg5+ Kf6 44. Nf3 a5 45. Kd3 g5 46. g4 Rh7 47. Ng1 Ke5 48. Ke3 a4 49. bxa4 Ra7 50. Nf3+ Kf6 51. h4 gxh4 52. Nxh4 Rxa4 53. Ng2 Kg5 54. Kd2 Kxg4 55. Ne3+ Kf3 56. Nxd5 Rd4+ 57. Kc3 Rxd5 58. Kc4 Rh5 59. a4 Ke3 60. Kb5 Kd2 61. c4 Kc3 62. a5 Kd4 63. a6 Rh7 0-1

[Event "EU-ch U18 Girls 26th"]
[Site "Prague"]
[Date "2016.08.20"]
[Round "3"]
[White "Salahidou, Reveka"]
[Black "Temmerman, Sara"]
[Result "1-0"]
[WhiteElo "1968"]
[BlackElo "1631"]
[PlyCount "85"]
[EventDate "2016.08.18"]
[EventType "swiss"]
[EventRounds "9"]
[EventCountry "CZE"]
[SourceTitle "CBM 174 Extra"]
[Source "ChessBase"]
[SourceDate "2016.10.10"]
[SourceVersion "1"]
[SourceVersionDate "2016.10.10"]
[SourceQuality "1"]

1. e4 d5 2. exd5 Qxd5 3. Nc3 Qd6 4. Bc4 Nf6 5. d3 a6 6. Nge2 e5 7. Ng3 Nc6 8. a3 b5 9. Ba2 Qd7 10. f3 Bc5 11. Bg5 Qd4 12. Qe2 b4 13. axb4 Bxb4 14. Bd2 0-0 15. Kf1 Re8 16. Be3 Qd8 17. Nce4 Nxe4 18. Nxe4 Be6 19. Bxe6 Rxe6 20. c3 Be7 21. g4 a5 22. h4 Rb8 23. g5 Qd5 24. Rd1 a4 25. Bc1 Na5 26. Rh2 Nb3 27. Be3 Rd8 28. Rg2 Bc5 29. h5 Bxe3 30. Qxe3 Kf8 31. h6 gxh6 32. Nf6 Qc5 33. Qe4 hxg5 34. Nxh7+ Ke7 35. Rxg5 Kd7 36. Qxa4+ Qc6 37. Qf4 Kd6 38. Rf5 Rd7 39. Ng5 Rg6 40. Qb4+ Nc5 41. Re1 Qa6 42. Ne4+ Ke6 43. Nxc5+ 1-0

[Event "BEL-ch U16"]
[Site "Blankenberge"]
[Date "2015.04.18"]
[Round "9"]
[White "Temmerman, Sara"]
[Black "De Coninck, Erik"]
[Result "1/2-1/2"]
[WhiteElo "1439"]
[BlackElo "1780"]
[PlyCount "64"]
[EventDate "2015.04.12"]
[EventType "swiss"]
[EventRounds "9"]
[EventCountry "BEL"]
[SourceTitle "CBM 166 Extra"]
[Source "ChessBase"]
[SourceDate "2015.06.18"]
[SourceVersion "1"]
[SourceVersionDate "2015.06.18"]
[SourceQuality "1"]

1. e4 c5 2. Nf3 d6 3. d4 cxd4 4. Nxd4 Nf6 5. Nc3 a6 6. Be3 b6 7. f3 Bb7 8. Bc4 d5 9. exd5 Nxd5 10. Nxd5 Bxd5 11. Bxd5 Qxd5 12. 0-0 g6 13. Nb3 Qxd1 14. Raxd1 Nd7 15. Bd4 Rg8 16. Rfe1 e6 17. Re3 Rc8 18. c3 Be7 19. Red3 b5 20. Kf1 f6 21. Nd2 Kf7 22. f4 Rgd8 23. Nf3 Nc5 24. Bxc5 Rxd3 25. Rxd3 Rxc5 26. Rd7 b4 27. cxb4 Rc1+ 28. Ke2 Rc2+ 29. Rd2 Rc4 30. Rd4 Rc2+ 31. Rd2 Rc4 32. Rd4 Rc2+ 1/2-1/2

[Event "BEL-ch U16"]
[Site "Blankenberge"]
[Date "2015.04.17"]
[Round "8"]
[White "Ta Long, Vu"]
[Black "Temmerman, Sara"]
[Result "0-1"]
[WhiteElo "1661"]
[BlackElo "1439"]
[PlyCount "72"]
[EventDate "2015.04.12"]
[EventType "swiss"]
[EventRounds "9"]
[EventCountry "BEL"]
[SourceTitle "CBM 166 Extra"]
[Source "ChessBase"]
[SourceDate "2015.06.18"]
[SourceVersion "1"]
[SourceVersionDate "2015.06.18"]
[SourceQuality "1"]

1. e4 d6 2. d4 Nf6 3. Nc3 g6 4. f4 Bg7 5. Nf3 c5 6. dxc5 Qa5 7. Bd3 Qxc5 8. Qe2 a6 9. Be3 Qc7 10. h3 Nc6 11. 0-0 0-0 12. Nd4 Nxe4 13. Bxe4 Nxd4 14. Qf2 Nc6 15. Nd5 Qd8 16. Bb6 Qd7 17. c3 e6 18. Nc7 Rb8 19. c4 Bf6 20. Rad1 Bd8 21. Bxc6 bxc6 22. Bc5 Bxc7 23. Bxd6 Bxd6 24. c5 Bxc5 25. Qxc5 Qb7 26. Rd2 Qb6 27. Qxb6 Rxb6 28. Rfd1 Kg7 29. b3 Rb5 30. Rc2 Rd5 31. Rdc1 Bb7 32. Kf2 Rfd8 33. Ke2 e5 34. fxe5 Rxe5+ 35. Kf2 Rf5+ 36. Ke3 Re8+ 0-1

[Event "BEL-ch U16"]
[Site "Blankenberge"]
[Date "2015.04.16"]
[Round "7"]
[White "Temmerman, Sara"]
[Black "Verstraeten, Iris"]
[Result "0-1"]
[WhiteElo "1439"]
[BlackElo "1681"]
[PlyCount "102"]
[EventDate "2015.04.12"]
[EventType "swiss"]
[EventRounds "9"]
[EventCountry "BEL"]
[SourceTitle "CBM 166 Extra"]
[Source "ChessBase"]
[SourceDate "2015.06.18"]
[SourceVersion "1"]
[SourceVersionDate "2015.06.18"]
[SourceQuality "1"]

1. e4 e5 2. Nf3 Nf6 3. Nxe5 d6 4. Nf3 Nxe4 5. d4 d5 6. Bd3 Bb4+ 7. Nbd2 Nxd2 8. Bxd2 Qe7+ 9. Qe2 Bxd2+ 10. Nxd2 Qxe2+ 11. Bxe2 0-0 12. 0-0-0 Nc6 13. Nb3 Bf5 14. c3 b6 15. Rhe1 Ne7 16. Bb5 Be6 17. Bd3 Rac8 18. Ba6 Rb8 19. Be2 Rbc8 20. Rd2 Rfe8 21. Bf3 Nf5 22. Rde2 Kf8 23. Kd2 Nh4 24. Re3 c5 25. g3 Nxf3+ 26. Rxf3 c4 27. Nc1 a6 28. Rfe3 Bd7 29. Rxe8+ Rxe8 30. Rxe8+ Kxe8 31. b3 b5 32. bxc4 bxc4 33. Ne2 Ke7 34. Nf4 Be6 35. Nxe6 fxe6 36. a4 Kf6 37. Ke3 Kf5 38. h3 h5 39. Kf3 e5 40. g4+ hxg4+ 41. hxg4+ Kf6 42. dxe5+ Kxe5 43. Ke3 g5 44. f3 d4+ 45. cxd4+ Kd5 46. Kd2 Kxd4 47. f4 gxf4 48. g5 c3+ 49. Kc2 f3 50. g6 f2 51. g7 f1Q 0-1

[Event "BEL-ch U16"]
[Site "Blankenberge"]
[Date "2015.04.14"]
[Round "4"]
[White "Temmerman, Sara"]
[Black "Huttl, Sofie"]
[Result "1-0"]
[WhiteElo "1439"]
[BlackElo "1670"]
[PlyCount "67"]
[EventDate "2015.04.12"]
[EventType "swiss"]
[EventRounds "9"]
[EventCountry "BEL"]
[SourceTitle "CBM 166 Extra"]
[Source "ChessBase"]
[SourceDate "2015.06.18"]
[SourceVersion "1"]
[SourceVersionDate "2015.06.18"]
[SourceQuality "1"]

1. e4 c5 2. Nf3 Nc6 3. d4 cxd4 4. Nxd4 e5 5. Nb5 d6 6. N1c3 a6 7. Na3 b5 8. Nd5 Nge7 9. c4 Nxd5 10. cxd5 Nd4 11. Bd2 Be7 12. Rc1 0-0 13. Bd3 f5 14. 0-0 Bg5 15. Nc2 Bxd2 16. Qxd2 Nxc2 17. Qxc2 f4 18. Qc7 Qg5 19. f3 Bh3 20. Qc2 Rf6 21. Kh1 Bd7 22. Qc7 Rg6 23. Qc2 Rh6 24. Qf2 Qh5 25. Qg1 Rg6 26. Rf2 Rf8 27. Bf1 Rff6 28. h3 Qh4 29. Rfc2 h6 30. Qa7 Rf7 31. Qxa6 Qg3 32. Qb6 Rff6 33. Qd8+ Kh7 34. Qxd7 1-0